00386 a2200109 4500001001000000005001700010008004100027245006900068100002400137700002300161773009200184ART_4506520260410162038.0260409a 10aRecuperación económica y precariedad laboral en la Argentina1 aGolovanevsky, Laura1 aPaz, Jorge Augusto0 tRevista de estudios regionales y mercado de trabajog- N° 3 (ene./dic. 2007)wREV44894